<?xml version="1.0" encoding="UTF-8"?><?xml-stylesheet type="text/xsl" href="static/style.xsl"?><OAI-PMH xmlns="http://www.openarchives.org/OAI/2.0/" xmlns:xsi="http://www.w3.org/2001/XMLSchema-instance" xsi:schemaLocation="http://www.openarchives.org/OAI/2.0/ http://www.openarchives.org/OAI/2.0/OAI-PMH.xsd"><responseDate>2026-04-17T21:19:03Z</responseDate><request verb="GetRecord" identifier="oai:www.recercat.cat:2117/439469" metadataPrefix="marc">https://recercat.cat/oai/request</request><GetRecord><record><header><identifier>oai:recercat.cat:2117/439469</identifier><datestamp>2026-01-21T05:01:08Z</datestamp><setSpec>com_2072_1033</setSpec><setSpec>col_2072_452950</setSpec></header><metadata><record xmlns="http://www.loc.gov/MARC21/slim" xmlns:dcterms="http://purl.org/dc/terms/" xmlns:xsi="http://www.w3.org/2001/XMLSchema-instance" xmlns:doc="http://www.lyncode.com/xoai" xsi:schemaLocation="http://www.loc.gov/MARC21/slim http://www.loc.gov/standards/marcxml/schema/MARC21slim.xsd">
   <leader>00925njm 22002777a 4500</leader>
   <datafield ind2=" " ind1=" " tag="042">
      <subfield code="a">dc</subfield>
   </datafield>
   <datafield ind2=" " ind1=" " tag="720">
      <subfield code="a">Frías, Marcos</subfield>
      <subfield code="e">author</subfield>
   </datafield>
   <datafield ind2=" " ind1=" " tag="720">
      <subfield code="a">Badosa Gallego, Maria del Carmen</subfield>
      <subfield code="e">author</subfield>
   </datafield>
   <datafield ind2=" " ind1=" " tag="720">
      <subfield code="a">Jiménez Mallebrera, Cecilia</subfield>
      <subfield code="e">author</subfield>
   </datafield>
   <datafield ind2=" " ind1=" " tag="720">
      <subfield code="a">Porta Pleite, Josep Maria</subfield>
      <subfield code="e">author</subfield>
   </datafield>
   <datafield ind2=" " ind1=" " tag="720">
      <subfield code="a">Roldán Molina, Mónica</subfield>
      <subfield code="e">author</subfield>
   </datafield>
   <datafield ind2=" " ind1=" " tag="260">
      <subfield code="c">2025-09-01</subfield>
   </datafield>
   <datafield ind2=" " ind1=" " tag="520">
      <subfield code="a">© 2025 The Authors. Published by Elsevier Ltd. This is an open access article under the CC BY license (http://creativecommons.org/licenses/by/4.0/).</subfield>
   </datafield>
   <datafield ind2=" " ind1=" " tag="520">
      <subfield code="a">The use of artificial intelligence (AI) techniques is significantly changing the analysis of medical images, accelerating and standardizing the diagnosis process. To train an AI model, however, a large dataset is typically required, especially when using the most powerful techniques. Therefore, not all specialties are taking advantage of AI techniques in the same way. For instance, they are seldomly used in areas such as the diagnosis of rare diseases since, due to their low prevalence, not enough data are typically available to train an AI model. In this paper, we address the use of AI techniques to diagnose a particular rare disease: Collagen VI-related Congenital Muscular Dystrophy from confocal microscopy images. We apply both classical machine learning and modern deep learning techniques and we show that, when using the appropriate data management and training procedures, one can successfully derive a highly-accurate classifier even with a limited amount of training data. Due to the generality of the explored techniques, this conclusion is likely to hold also for most of the rare diseases whose diagnosis relies on the examination of histological images.</subfield>
   </datafield>
   <datafield ind2=" " ind1=" " tag="520">
      <subfield code="a">This work was supported by the European Union: HORIZON–MSCA–2022–DN, Improving BiomEdical diagnosis through LIGHT-based technologies and machine learning ‘‘BE-LIGHT’’ (GA n◦ 101119924 – BE-LIGHT); and the Instituto de Salud Carlos III, Spain (PI22/01382), FEDER (A way of making Europe) and Fundación Noelia.</subfield>
   </datafield>
   <datafield ind2=" " ind1=" " tag="520">
      <subfield code="a">Peer Reviewed</subfield>
   </datafield>
   <datafield ind2=" " ind1=" " tag="520">
      <subfield code="a">Postprint (published version)</subfield>
   </datafield>
   <datafield tag="653" ind2=" " ind1=" ">
      <subfield code="a">Àrees temàtiques de la UPC::Informàtica::Intel·ligència artificial</subfield>
   </datafield>
   <datafield tag="653" ind2=" " ind1=" ">
      <subfield code="a">Rare diseases</subfield>
   </datafield>
   <datafield tag="653" ind2=" " ind1=" ">
      <subfield code="a">Collagen VI</subfield>
   </datafield>
   <datafield tag="653" ind2=" " ind1=" ">
      <subfield code="a">Artificial intelligence</subfield>
   </datafield>
   <datafield ind2="0" ind1="0" tag="245">
      <subfield code="a">The artificial intelligence challenge in rare disease diagnosis: a case study on collagen VI muscular dystrophy</subfield>
   </datafield>
</record></metadata></record></GetRecord></OAI-PMH>